[Event "Tres Cantos op 11th"]
[Site "Tres Cantos"]
[Date "2019.06.29"]
[Round "8"]
[White "Alfaya Marcelo, Roberto"]
[Black "Suarez Uriel, Adrian"]
[Result "0-1"]
[WhiteElo "2138"]
[BlackElo "2382"]
[PlyCount "155"]
[EventDate "2019.06.22"]
[EventType "swiss"]
[EventRounds "9"]
[EventCountry "ESP"]
[SourceTitle "CBM 195 Extra"]
[Source "ChessBase"]
[SourceDate "2020.05.31"]
[SourceVersion "1"]
[SourceVersionDate "2020.05.31"]
[SourceQuality "1"]

1. d4 Nf6 2. c4 g6 3. Nc3 d5 4. cxd5 Nxd5 5. e4 Nxc3 6. bxc3 Bg7 7. Bc4 0-0 8. Be3 Nc6 9. Ne2 b6 10. 0-0 Bb7 11. f3 Qd7 12. Rb1 Na5 13. Bd3 Rac8 14. Qd2 Rfd8 15. Rfd1 e5 16. Bg5 Re8 17. Bh6 Qe7 18. Bxg7 Kxg7 19. Qb2 Red8 20. Nc1 Qg5 21. Bf1 f5 22. exf5 Bxf3 23. f6+ Kh8 24. Re1 exd4 25. Qf2 Bg4 26. Rb5 c5 27. cxd4 Bd7 28. Rb2 Rf8 29. dxc5 Rxf6 30. Qd4 Qxc5 31. Qxc5 Rxc5 32. Nd3 Rd5 33. Ne5 Ba4 34. Rb4 Bc2 35. Rb2 Bf5 36. g4 Be6 37. Bg2 Rd8 38. Rbe2 Bg8 39. Be4 Rfd6 40. Kf2 Nc4 41. Bb1 Nxe5 42. Rxe5 Rd2+ 43. R1e2 Bc4 44. Re8+ Kg7 45. Rxd8 Rxe2+ 46. Kf3 Rb2 47. Rd7+ Kf6 48. Be4 Rxa2 49. Rxh7 Ra3+ 50. Kf2 g5 51. Rc7 b5 52. Rc5 Rh3 53. Rf5+ Ke6 54. Rxg5 Rxh2+ 55. Ke3 a5 56. Kd4 Rd2+ 57. Kc3 Rd6 58. Rc5 Rb6 59. Rh5 Rb8 60. Bf5+ Kf6 61. Rh6+ Ke5 62. Ra6 a4 63. Kb4 Rb7 64. Ra8 Bf1 65. Rc8 Kd4 66. Ra8 Rc7 67. Be6 Ke5 68. Re8 Kd6 69. Rf8 Rc1 70. Ba2 Be2 71. Rd8+ Kc7 72. Rd2 Bf1 73. g5 Kb6 74. Rf2 Bd3 75. g6 Rg1 76. Bf7 Rg4+ 77. Kc3 Be4 78. Re2 0-1